000 005350000a22001810004500
041 0 _aSPA
082 0 4 _aG 150.19 C546p
100 1 _aChoisy, Maryse (1903- )
245 1 0 _aPsicoanálisis y catolicismo / Maryse Choisy; Ernesto Babino, Traductor
260 _aBuenos Aires, Argentina : La Pleyade
300 _a183 Pag
650 1 4 _aRELIGION Y PSICOLOGIA \ PSICOANALISIS Y RELIGION
001 8923
942 _cBK
999 _c39021
_d39021
336 _atexto
_btxt
_2rdacontent
337 _2rdamedia
_asin mediación
_bn
338 _2rdacarrier
_avolumen
_bnc